Statistics for MLB Opening Day Starting Pitchers - 2023

Click here to take the quiz!

General Stats

  • This quiz has been taken 423 times
  • The average score is 19 of 30

Answer Stats

HintAnswer% Correct
New York YankeesGerrit Cole
88%
New York MetsMax Scherzer
87%
Atlanta BravesMax Fried
86%
Milwaukee BrewersCorbin Burnes
83%
Arizona DiamondbacksZac Gallen
83%
Texas RangersJacob deGrom
80%
Los Angeles AngelsShohei Ohtani
80%
Miami MarlinsSandy Alcantara
78%
Philadelphia PhilliesAaron Nola
77%
Cleveland GuardiansShane Bieber
76%
Houston AstrosFramber Valdez
75%
Chicago White SoxDylan Cease
71%
Los Angeles DodgersJulio Urías
70%
San Diego PadresBlake Snell
68%
Chicago CubsMarcus Stroman
67%
San Francisco GiantsLogan Webb
64%
Toronto Blue JaysAlek Manoah
63%
Kansas City RoyalsZack Greinke
63%
Seattle MarinersLuis Castillo
62%
Cincinnati RedsHunter Greene
57%
Tampa Bay RaysShane McClanahan
56%
St. Louis CardinalsMiles Mikolas
55%
Detroit TigersEduardo Rodriguez
53%
Minnesota TwinsPablo López
53%
Colorado RockiesGermán Márquez
51%
Washington NationalsPatrick Corbin
50%
Boston Red SoxCorey Kluber
44%
Baltimore OriolesKyle Gibson
44%
Pittsburgh PiratesMitch Keller
44%
Oakland AthleticsKyle Muller
20%

Score Distribution

Percentile by Number Answered

Percent of People with Each Score

Your Score History

You have not taken this quiz